Managing Risk in Organizations : (Record no. 10365)
[ view plain ]
| 000 -LEADER | |
|---|---|
| fixed length control field | 01835cam a22003374a 4500 |
| 090 ## - LOCALLY ASSIGNED LC-TYPE CALL NUMBER (OCLC); LOCAL CALL NUMBER (OCLC) | |
| -- | 10365 |
| 001 - CONTROL NUMBER | |
| control field | 13153926 |
| 005 - DATE AND TIME OF LATEST TRANSACTION | |
| control field | 20040622184438.0 |
| 008 - FIXED-LENGTH DATA ELEMENTS--GENERAL INFORMATION | |
| fixed length control field | 030409s2003 cau b 001 0 eng |
| 010 ## - LIBRARY OF CONGRESS CONTROL NUMBER | |
| LC control number | 2003008144 |
| 020 ## - INTERNATIONAL STANDARD BOOK NUMBER | |
| International Standard Book Number | 0787965189 (alk. paper) |
| 040 ## - CATALOGING SOURCE | |
| Original cataloging agency | DLC |
| Transcribing agency | DLC |
| Modifying agency | DLC |
| 042 ## - AUTHENTICATION CODE | |
| Authentication code | pcc |
| 050 00 - LIBRARY OF CONGRESS CALL NUMBER | |
| Classification number | HD61 |
| Item number | .F726 2003 |
| 082 00 - DEWEY DECIMAL CLASSIFICATION NUMBER | |
| Classification number | 658.155 |
| Edition number | 21 |
| Item number | FRA |
| 100 1# - MAIN ENTRY--PERSONAL NAME | |
| Personal name | Frame, J. Davidson. |
| 245 10 - TITLE STATEMENT | |
| Title | Managing Risk in Organizations : |
| Remainder of title | A Guide For Managers / |
| Statement of responsibility, etc | J. Davidson Frame. |
| 250 ## - EDITION STATEMENT | |
| Edition statement | 1st ed. |
| 260 ## - PUBLICATION, DISTRIBUTION, ETC. (IMPRINT) | |
| Place of publication, distribution, etc | San Francisco : |
| Name of publisher, distributor, etc | Jossey-Bass, |
| Date of publication, distribution, etc | c2003. |
| 300 ## - PHYSICAL DESCRIPTION | |
| Extent | xix, 264 p. : |
| Other physical details | ill. ; |
| Dimensions | 24 cm. |
| 440 #4 - | |
| -- | The Jossey-Bass business & management series |
| 504 ## - BIBLIOGRAPHY, ETC. NOTE | |
| Bibliography, etc | Includes bibliographical references and index. |
| 505 0# - FORMATTED CONTENTS NOTE | |
| Formatted contents note | The big picture -- Practical limitations of risk management -- Organizing to deal with risk -- Identifying risk -- Assessing impacts of risk events-qualitative impact analysis -- Assessing impacts of risk events-quantitative analysis -- Assessing the impacts of risk events : the role of probability and statistics -- Planning to handle risk -- Monitoring and controlling risk -- Business risk -- Operational risks -- Project risk. |
| 650 #0 - SUBJECT ADDED ENTRY--TOPICAL TERM | |
| Topical term or geographic name as entry element | Risk management. |
| 856 42 - ELECTRONIC LOCATION AND ACCESS | |
| Materials specified | Contributor biographical information |
| Uniform Resource Identifier | <a href="http://www.loc.gov/catdir/bios/wiley045/2003008144.html">http://www.loc.gov/catdir/bios/wiley045/2003008144.html</a> |
| 856 41 - ELECTRONIC LOCATION AND ACCESS | |
| Materials specified | Table of contents |
| Uniform Resource Identifier | <a href="http://www.loc.gov/catdir/toc/ecip042/2003008144.html">http://www.loc.gov/catdir/toc/ecip042/2003008144.html</a> |
| 856 42 - ELECTRONIC LOCATION AND ACCESS | |
| Materials specified | Publisher description |
| Uniform Resource Identifier | <a href="http://www.loc.gov/catdir/description/wiley038/2003008144.html">http://www.loc.gov/catdir/description/wiley038/2003008144.html</a> |
| 942 ## - ADDED ENTRY ELEMENTS (KOHA) | |
| Source of classification or shelving scheme | Dewey Decimal Classification |
| Item type | Book - Borrowing |
| Withdrawn status | Item status | Source of classification or shelving scheme | Damaged status | Not for loan | Vendor | Home library | Current library | Shelving location | Date acquired | Source of acquisition | Cost, normal purchase price | Serial Enumeration / chronology | Total Checkouts | Full call number | Barcode | Date last seen | Date last borrowed | Koha item type |
|---|---|---|---|---|---|---|---|---|---|---|---|---|---|---|---|---|---|---|
| Dewey Decimal Classification | Alahram | Central Library | Central Library | First floor | 22/01/2009 | 382.50 | 6400 | 1 | 658.155 FRA | 000015040 | 15/07/2025 | 13/11/2013 | Book - Borrowing |